000 00329nam a2200133Ia 4500
005 20251222143107.0
008 251222s9999||||xx |||||||||||||| ||spa||
020 _a968-16-2873-X
082 _a401.41/J18M
100 _aJakobson, Roman
245 0 _aEl Marco del Lenguaje
264 _bFondo de Cultura Económica
942 _cLIB
999 _c11018
_d11018